| 000 | 00536nam a22001697a 4500 | ||
|---|---|---|---|
| 005 | 20241003115415.0 | ||
| 008 | 170112b xxu||||| |||| 00| 0 eng d | ||
| 020 | _a9781449976088 | ||
| 040 | _cPK-LaUMT | ||
| 082 |
_a616.028 _bBRO-C |
||
| 100 |
_aBrown, Phillip _92522 |
||
| 245 |
_aCritical care : _ba fast-paced medical drama that tests the trust, faith and beliefs of family and friends / _cPhillip Brown |
||
| 260 |
_aCanada : _bPhillip J. Brown, _c2011 |
||
| 300 | _a595 p. | ||
| 650 |
_aCritical care-Medicine _92523 |
||
| 942 | _cBK | ||
| 999 |
_c90077 _d90077 |
||